| 000 | 00498nam a2200157 4500 | ||
|---|---|---|---|
| 001 | 117715 | ||
| 003 | ES-MaACL | ||
| 005 | 20230906190946.0 | ||
| 007 | t| | ||
| 008 | 070214s1941 fr r ||||1| fre d | ||
| 100 | 1 |
_aPapelier, G. _988868 |
|
| 245 | 1 | 0 |
_aPrécis de Géométrie Analythique a l'usage des éléves de mathematiques spéciales er de candidats aux écoles / _c10e éd. |
| 260 |
_aParis : _bLib. Vaubert, _c1941. |
||
| 300 |
_a714 p. ; _c23 cm. |
||
| 852 |
_aES-MaACL _jA-3674 _bR.20214 |
||
| 999 |
_c117715 _d117715 |
||